|
|
|
|
| LEADER |
00000nam a2200000 a 4500 |
| 001 |
UCS9936 |
| 003 |
CL-VaPUC |
| 008 |
971121e19760000CK |||||||||||||||||spa|d |
| 082 |
0 |
4 |
|a 261.7
|b FEY
|2 21
|
| 245 |
1 |
0 |
|a Fe y política: actualidad del pensamiento social cristiano en América Latina
|
| 300 |
|
|
|a 170 p
|
| 942 |
|
|
|c BK
|
| 945 |
|
|
|d 19971121 00:00:00
|a aalvarez
|
| 260 |
|
|
|a Bogotá
|b CELAM
|c 1976
|
| 600 |
|
0 |
|a Iglesia católica
|9 255129
|
| 650 |
|
0 |
|a Cristianismo y política
|9 255890
|
| 583 |
|
|
|a last modification
|c 19971121 00:00:00
|k Rodrigo Vera
|
| 999 |
|
|
|c 263602
|d 263600
|
| 952 |
|
|
|0 0
|1 0
|4 0
|6 261_700000000000000_FEY_1976
|7 0
|8 A
|9 292954
|a BIBTEO
|b BIBTEO
|d 2019-11-19
|i 2024543
|o 261.7 FEY 1976
|p 2024543
|r 2025-01-17
|w 2019-11-19
|y BK
|k ICR
|